00554nam a22001697a 450000500170000001000150001702000260003203500140005803700090007208200060008110000230008724500640011026000440017427001130021830000200033170000330035120220321121320.0 aENG-132033 a9789385471742c100.00 aEN-115565 bDBAD aN aJeevakumaran's, V. aGomathi/bV.Jeevakumaran's and Translated by S. Visweswaran aChennaibUnique Media Integratorsc2017 aNo. 8, 6th Cross, 8th Main Road, Vaishnavi Nagar, ThirumullaivoyalbChennaie600109mumi.infobooks@gmail.com a104pc21cm(pbk) aTranslated by S. Visweswaran